Представление документа в формате RUSMARC

ПолеНазваниеЗначение
  Тип записи a
  Библиографический уровень c
001 Контрольный номер RU/ГПНТБ России/IBIS/84(2=411.2)6/Р 243-527160311
005 Дата корректировки 20201214143958.2
010 Индекс ISBN __
a ISBN 978-5-17-106022-0
d Цена 125-40, 7000 экз.
100 Данные общей обработки __
a Данные общей обработки 19200128d2018 |||y0rusy0189 ca
101 Язык документа 0_
a Язык текста rus
102 Страна публикации __
a Страна публикации RU
102 Страна публикации __
a Страна публикации RU
105 Кодированные данные (монография) __
a Кодированные данные (монография) #|||||||000zy
200 Заглавие и сведения об ответственности __
a Заглавие Прощание с Матерой ; Пожар
a Заглавие Пожар
200 Заглавие и сведения об ответственности 1_
f Первые сведения об ответственности В. Г. Распутин
b Общее обозначение материала Текст
210 Выходные данные __
a Место издания Москва
c Издательство АСТ
d Дата издания 2018
215 Физическое описание __
a Объем 381, [2] с.
d Формат 18 см
225 Серия __
a Серия Книги, изменившие мир. Писатели, объединившие поколения
225 Серия __
a Серия Русская классика
330 Аннотация __
a Аннотация "Прощание с Матерой" - история о затоплении острова ради строительства Братской ГЭС. Деревне Матере суждено уйти на дно искусственно созданного моря - вместе с историей целых поколений, живших на этой земле прежде. На защиту своей маленькой родины выходят старики. Они не могут смириться с уничтожением изб, в которых родились и выросли, могил, где похоронены их предки, родных березок и сосен. Ведь там, где утрачена традиция, где разрушена связь человека с прошлым, с предками, с Богом, - возможно ли искусственно построить "новую жизнь" на руинах жизни настоящей? В сборник также включена повесть "Пожар".
333 Примечание о целевом назначении __
a Примечание о целевом назначении 12+. Для детей старше 12 лет
606 Тематические рубрики __
a Основная рубрика Художественная литература
606 Тематические рубрики __
a Основная рубрика Русская литература XX в. (произведения)
610 Ключевые слова __
a Ключевые слова проза
610 Ключевые слова __
a Ключевые слова деревенская проза
610 Ключевые слова __
a Ключевые слова повести
610 Ключевые слова __
a Ключевые слова советская литература
610 Ключевые слова __
a Ключевые слова тема деревни
610 Ключевые слова __
a Ключевые слова тема переселения
610 Ключевые слова __
a Ключевые слова тема новой жизни
610 Ключевые слова __
a Ключевые слова тема нравственности
610 Ключевые слова __
a Ключевые слова тема любви
610 Ключевые слова __
a Ключевые слова тема семьи
610 Ключевые слова __
a Ключевые слова тема Родины
686 Индексы других классификаций __
2 Код системы rubbks
a Классификационный индекс 84(2=411.2)6-4; ст84(2=411.2)6-4
700 Автор _1
a Фамилия Распутин
b Имя В. Г.
f Даты 1937-2015
g Полное личное имя Валентин Григорьевич
4 Код отношения 070
801 Источник записи _0
a Страна RU
b Организация ГПНТБ России
c Дата составления 20200128
g Правила каталогизации PSBO
801 Источник записи _2
a Страна RU
b Организация Муниципальное бюджетное учреждение культуры "Централизованная библиотечная система" г. Сургут (Центральная городская библиотека им. А. С. Пушкина)
c Дата составления 20200128
852 Данные о местонахождении __
j Шифр хранения 84(2=411.2)6-4
i Авторский знак Р 24
901 Тип документа __
a Ответственный ООФиК/Волкова
t Тип документа x
903 Характеристики (МАРС) __
a Дата передачи 20200217
990 Данные о заказе (DOS) __
j Количество экземпляров (DOS) 1
t N записи в КСУ для И/У (DOS) 202003